Saracens, demons, and Jews : making monsters in Medieval art
Αποθηκεύτηκε σε:
| Κύριος συγγραφέας: | |
|---|---|
| Μορφή: | Βιβλίο |
| Γλώσσα: | English |
| Δημοσίευση: |
Princeton :
Princeton University Press,
2003
|
| Θέματα: | |
| Ετικέτες: |
Προσθήκη ετικέτας
Δεν υπάρχουν, Καταχωρήστε ετικέτα πρώτοι!
|
MARC
| LEADER | 00000nam a2200000 i 4500 | ||
|---|---|---|---|
| 001 | 1/50968 | ||
| 008 | 140704s2003 eng d | ||
| 020 | |a 0-691-05719-2 | ||
| 035 | |l 10118251 | ||
| 040 | |a GR-MY-UA |b gre |e aacr | ||
| 041 | 0 | |a eng | |
| 082 | 0 | |a 700.482 |2 (23) | |
| 100 | 1 | |a Strickland, Debra Higgs |d 1958- | |
| 245 | 1 | 0 | |a Saracens, demons, and Jews : |b making monsters in Medieval art / |c Debra Higgs Strickland |
| 260 | |a Princeton : |b Princeton University Press, |c 2003 | ||
| 300 | |a 336 σ.; |b εικ.; |c 26 εκ. | ||
| 504 | |a Περιλαμβάνει βιβλιογραφικές αναφορές και ευρετήριο | ||
| 650 | 0 | 0 | |a Art, Medieval |x Themes, motives. |
| 650 | 0 | 0 | |a Minorities in art. |
| 650 | 0 | 0 | |a Christianity and other religions. |
| 852 | |a INST |b LESVOS |e 20140704 |h 700.482 STR |p 005100054556 |q 005100054556 |t BK |y 0 | ||
| 901 | |a BIBL1-2014-2 | ||
| 909 | |a Λ |b 189496 | ||
| 922 | |a 1ΕΛΗ |b 201406 |c ΤΚΑΙ |d ΔΙΑΔΡΟΜΕΣ | ||
| 970 | |a ΤΖΑΦΕΡΗ |b ΕΥΑΓΓΕΛΙΑ |z 2014/07/05 | ||